Abeceda cestovného ruchu - základ úspechu

Rozhovor s významným predstaviteľom slovenskej školy cestovného ruchu, novovymenovaným vysokoškolským profesorom Mariánom Gúčikom, prodekanom Ekonomickej fakulty Univerzity Mateja Bela v Banskej Bystrici. História a budúcnosť vysokoškolskej prípravy odborníkov pre cestovný ruch na Slovensku.

Guardado en:
Detalles Bibliográficos
Autor principal: Gúčik, Marián
Otros Autores: Červenková, Anna
Formato: Capítulo de libro
Lenguaje:eslovaco
Materias:
Etiquetas: Agregar Etiqueta
Sin Etiquetas, Sea el primero en etiquetar este registro!

MARC

LEADER 00000naa a2200000 4500
001 r030394
005 20230426125101.5
041 0 |a slo 
044 |a SK 
245 1 0 |a Abeceda cestovného ruchu - základ úspechu  |c Marian Gúčik, Anna Červenková 
520 |a Rozhovor s významným predstaviteľom slovenskej školy cestovného ruchu, novovymenovaným vysokoškolským profesorom Mariánom Gúčikom, prodekanom Ekonomickej fakulty Univerzity Mateja Bela v Banskej Bystrici. História a budúcnosť vysokoškolskej prípravy odborníkov pre cestovný ruch na Slovensku. 
610 2 0 |a ruch cestovný 
610 2 0 |a školy vysoké 
610 2 0 |a príprava odborná 
610 2 0 |a osobnosť 
610 2 0 |a história 
610 2 0 |a štúdium vysokoškolské 
610 2 0 |a Gúčik, M. 
610 2 0 |a UMB Banská Bystrica 
100 1 |a Gúčik, Marián 
700 1 |a Červenková, Anna